[Event "Mar del Plata Open"]
[Site "?"]
[Date "2007.??.??"]
[Round "4"]
[White "Ripari, Marcelo"]
[Black "Cori Tello, Jorge"]
[Result "1-0"]
[WhiteElo "2362"]
[BlackElo "2213"]
[Annotator "de Dovitiis Alejo"]
[PlyCount "59"]
[EventDate "2007.??.??"]

1. e4 e6 2. d4 d5 3. e5 b6 (3... c5 {es la principal}) 4. h4 $5 {
Posible ante el bloqueo del centro.} 4... Ba6 (4... Qd7 5. h5 Ba6 6. Bxa6 Nxa6
7. c3 Nb8 8. Qg4 c5 9. Bg5 Nc6 10. Nf3 cxd4 11. cxd4 Nb4 12. Kd2 Qb5 13. Ne1
Nc6 14. Nd3 Nge7 15. Nc3 Qc4 16. Bxe7 Bxe7 17. Ne2 Nb4 18. Ne1 Nxa2 19. Qxg7
$13 {Movsesian,S-Vaganian,R/Dordrecht 1999}) 5. Bxa6 $146 (5. Ne2 c5 6. c3 Qd7
7. a3 Nc6 8. b4 cxb4 9. cxb4 Rc8 10. Nbc3 Bc4 11. Rb1 Nge7 12. h5 f6 13. f4 f5
14. g3 Ng8 15. Bg2 Nh6 16. Bf3 b5 17. Qd2 Be7 18. Nd1 O-O 19. Ne3 Nb8 20. Nc3
a6 21. Ncd1 Qa7 22. Nf2 Nc6 23. Bb2 Bd8 24. Nxc4 bxc4 25. O-O Bb6 26. Rfd1 Qd7
27. a4 Na7 28. Ra1 Kh8 29. Nh3 Bd8 30. Ng5 Bxg5 31. fxg5 Ng4 32. Kg2 Qc7 33.
Bc3 Qb6 34. Rab1 Nc6 35. b5 Ncxe5 36. dxe5 Ne3+ 37. Kh2 Nxd1 38. Bxd1 Rfd8 39.
Bd4 Qb7 40. bxa6 Qxa6 41. Rb6 Qa8 42. Qc3 Re8 43. a5 Rb8 44. Ba4 Rxb6 45. Bxb6
{1-0 Barrionuevo,P-Benedetti,C/Buenos Aires C.A.A. 2006}) 5... Nxa6 6. c3 Qd7
7. Ne2 c5 8. Nd2 Rc8 9. a3 {Evita futuros Cb4 del negro} 9... Ne7 10. h5 Nc6 $6
(10... h6 {luce como necesaria}) 11. b4 Nc7 12. Nf3 cxb4 13. axb4 a5 14. bxa5
Nxa5 15. h6 $1 g6 16. Bg5 Be7 17. Bxe7 Qxe7 18. Qa4+ Qd7 19. Qxd7+ Kxd7 20. Ng5
Ke7 21. Rh3 $1 {Defiende c3 y se pone en accion por la tercera fila.} 21... f6
$2 (21... Rcf8) 22. exf6+ Kxf6 23. f4 {
Ahora e6 y h7 son presos del ataque blanco.} 23... Ne8 24. Re3 Rc6 25. g4 Nc7
26. Nc1 Nc4 27. Re2 Nd6 28. Ra7 Ndb5 29. Rb7 Rxc3 $2 {
Yerro en posicion perdida.} 30. Rxe6+ {Un bonito remate.} (30. Rxe6+ Nxe6 31.
Rf7#) 1-0

[Event "ICC 90 5 u"]
[Site "Internet Chess Club"]
[Date "2007.04.21"]
[Round "1"]
[White "Anand"]
[Black "Bluesette"]
[Result "0-1"]
[WhiteElo "2786"]
[BlackElo "2155"]
[Annotator "de Dovitiis"]
[PlyCount "100"]
[EventDate "2007.??.??"]

1. e4 c5 2. Nf3 e6 3. d4 cxd4 4. Nxd4 Bc5 5. Nb3 Bb6 (5... Be7 {
es la otra chance.}) 6. Nc3 Ne7 7. Bf4 d5 8. exd5 Nxd5 9. Nxd5 exd5 10. Bb5+
Nc6 11. O-O O-O 12. c3 Bf5 (12... Qf6 13. Bg3 Be6 14. Qh5 a6 15. Ba4 g6 16. Qh6
Ba7 17. Bxc6 bxc6 18. Rae1 Qg7 19. Qd2 d4 20. Be5 f6 21. Bd6 dxc3 22. Qxc3 Rfe8
23. Bc5 Bd5 24. Bxa7 Qxa7 25. Qxf6 Rf8 26. Qh4 Rf7 27. Re3 $16 {
Vehi Bach,V-Asis Gargatagli,H/Salou 2006}) (12... Be6 13. Qc2 Qf6 14. Bg3 Rac8
15. Rfe1 Rfd8 16. Rad1 Bg4 17. Rd2 d4 18. Bxc6 Qxc6 19. h3 Bh5 20. Be5 Re8 21.
Qb1 dxc3 22. Bxc3 Rxe1+ 23. Qxe1 Re8 24. Qf1 Qe4 25. Bd4 Bc7 26. Be3 Qe5 $15 {
Vink,N-Donovan,L/Hengelo 1996.}) 13. Qd2 a6 $6 (13... Rc8) 14. Bxc6 bxc6 15.
Be3 $1 {Buscando el predominio por los cuadros negros.} 15... Bc7 16. Bf4 Bb6
17. Rfe1 Qf6 18. Be5 (18. Rac1 $5) 18... Qg6 19. Qf4 Be4 20. Qg3 Rfe8 21. Bd4 (
21. Qxg6 Bxg6 22. Bd4 Bc7 23. Nc5 $14) 21... Bc7 22. Qxg6 Bxg6 23. Nc5 a5 $1 {
Las negras necesitan disputar las casillas negras.} 24. b3 Bf5 25. f3 h5 {
Sin dar mas espacio al blanco.} 26. g3 f6 27. Kf2 Kf7 28. Na4 (28. h4 $5) 28...
g5 29. Rxe8 Rxe8 30. Bb6 Bxb6+ 31. Nxb6 {Las blancas han conseguido cambiar
alfiles, pero el negro lograr levantar el bloqueo.} 31... Rb8 32. Na4 Rb5 $1 {
Para c5.} 33. Rd1 Be6 34. Ke3 c5 35. Kd2 $6 (35. Rd2 {/\ Nb2, Nd1}) 35... c4
36. bxc4 dxc4 37. Kc1 Rf5 $1 {Las negras buscan en el otro flanco.} 38. Rf1 Re5
39. Rf2 Re3 40. f4 gxf4 41. Rxf4 (41. gxf4) 41... Re1+ 42. Kb2 (42. Kd2 Ra1)
42... Re2+ 43. Ka3 Rxh2 44. Nc5 Bg4 45. Ne4 f5 46. Rf2 $2 {
Lleva a un final perdido por la desafortunada posicion del caballo.} (46. Nf2
$142 Ke6 47. Nxg4 hxg4 48. Rxc4 Rg2 $17) 46... Rxf2 47. Nxf2 Kf6 48. Ka4 Kg5
49. Kxa5 f4 $1 {Las negras se generan el peon mas alejado.} 50. gxf4+ Kxf4 {
Las blancas no pueden frenar al pecon h del negro.} (50... Kxf4 51. Kb4 Ke3 52.
Nh1 (52. Nxg4+ hxg4 53. Kxc4 g3 $19) 52... h4 53. Kxc4 Bf3 $19) 0-1

[Event "ICC 90 5 u"]
[Site "Internet Chess Club"]
[Date "2007.04.21"]
[Round "1"]
[White "Anand"]
[Black "ThreeEagles"]
[Result "1-0"]
[WhiteElo "2786"]
[BlackElo "1545"]
[Annotator "de Dovitiis"]
[PlyCount "31"]
[EventDate "2007.??.??"]

1. Nf3 c5 2. e4 g6 3. Nc3 Bg7 4. d4 cxd4 5. Nxd4 Nc6 6. Be3 Nf6 7. Bc4 d6 8. f3
Bd7 9. Bb3 Qa5 (9... Ne5 10. Qd2 h5 11. O-O-O Rc8 12. Kb1 a6 13. Nde2 b5 14.
Rhe1 O-O 15. Bh6 Nc4 16. Bxc4 bxc4 17. Bxg7 Kxg7 18. Ka1 Qb6 19. Nf4 Rb8 20.
Rb1 Bc6 $13 21. Nfd5 Bxd5 22. Nxd5 Nxd5 23. exd5 Qc7 24. Re4 Rb5 25. c3 Qa5 26.
Qd4+ Kg8 27. Qxc4 Rxd5 28. Rxe7 Rd2 29. Qf1 Qb5 30. Qxb5 axb5 31. Rg1 Rc8 32.
a3 Rc5 33. h4 Kg7 34. Re4 f5 35. Rb4 Kf6 36. g4 hxg4 37. fxg4 Rcd5 38. Ka2 R5d3
39. gxf5 gxf5 40. Rxb5 Rxc3 41. h5 Rc5 42. Rb8 Rh2 43. Rg6+ Ke5 44. h6 d5 45.
Rb7 Rc4 46. Re7+ Kf4 47. h7 Rc8 48. Rb7 d4 49. Rd7 d3 50. Rxd3 Rxh7 {
1/2-1/2 Nolte,R-Katalymov,B/Singapore 1995/CBM 050 ext (50)}) (9... a6 10. g4
b5 11. g5 Nh5 12. Qd2 Ne5 13. O-O-O Nc4 14. Bxc4 bxc4 15. Nde2 Qa5 16. Bd4 Rb8
17. a3 O-O 18. Nd5 Qxd2+ 19. Rxd2 Rfe8 20. Nc7 Rec8 21. Nxa6 Ra8 22. Nb4 Bxd4
23. Rxd4 Bh3 24. Nd5 {
Dominguez Aguilar,G-Flanders,C/Turin ITA 2006/The Week in Chess 603/1-0 (43)})
10. Qd2 O-O-O $2 $146 {El rey va a un sector debilitado y tapa el lugar donde
deberia estar la torre negra.} (10... h5 11. O-O-O Rc8 12. h3 Ne5 13. g4 Nc4
14. Bxc4 Rxc4 15. Nb3 Qc7 16. Bd4 Kf8 17. Bxf6 Bxf6 18. Nd5 Qb8 19. Nxf6 exf6
20. Qf4 Ke7 21. g5 f5 22. Rhe1 Be6 23. Nd4 Kf8 24. Nxe6+ fxe6 25. Rxd6 Qc7 26.
Red1 Rc6 27. Rd8+ Ke7 28. Qxc7+ Rxc7 29. Rxh8 Rxc2+ 30. Kxc2 {
1-0 Coudari,C-Thompson/National Chess Congress 1970 (30)}) (10... Rc8 11. h4 (
11. O-O O-O 12. Rad1 Rfe8 13. h3 Ne5 14. Qe2 Nh5 15. Kh2 Nc6 16. f4 Nxd4 17.
Bxd4 e5 18. fxe5 Bxe5+ 19. Bxe5 Qxe5+ 20. Kg1 Be6 21. Bxe6 fxe6 22. Rf3 Rf8 23.
Rxf8+ Rxf8 24. Qd2 Ng3 25. Qd3 a6 26. b3 Qxc3 27. Qxd6 Ne2+ 28. Kh1 Qf6 29. Qc7
Rf7 30. Qc4 Ng3+ 31. Kg1 Qf2+ 32. Kh2 Nf1+ 33. Kh1 Qf4 34. Rd8+ Kg7 35. Qd4+ e5
36. Qg1 Ng3+ 37. Kh2 Ne2+ 38. g3 Qf6 39. Qg2 Qxd8 40. Qxe2 Qd4 41. Kg2 Rd7 {
0-1 Hyldkrog,L-Jensen,A/Espergarde 1978/MCD (41)}) 11... Ne5 12. g4 h5 13. g5
Nh7 14. O-O-O Nf8 15. f4 Nc4 16. Qd3 Nxe3 17. Qxe3 Ne6 18. e5 Nxd4 19. Qxd4 O-O
20. Nd5 Rce8 21. Rhe1 Bg4 22. Rd2 e6 23. Nf6+ Bxf6 24. gxf6 d5 25. Qe3 Kh7 26.
Rg1 Qb6 27. Rd4 Rh8 28. c3 Rc8 29. Rg2 Qc5 30. Bc2 Qf8 31. a3 a5 32. Bd3 Rc5
33. a4 Qh6 34. Rc2 Rhc8 35. Kb1 b6 36. Ka2 Rg8 37. Rg2 Rcc8 38. c4 dxc4 39.
Bxc4 Qf8 40. Rgd2 Qc5 41. Qb3 Rgf8 42. Qb5 Qc7 43. b3 Qb7 44. Rd7 Qe4 45. Qxb6
{Kuijpers,F-Szilagyi,G/Amsterdam 2/348 1966/Informador 02/[Milic,B]/0-1 (72)})
11. O-O Ne5 $6 {Incongruente con enroque largo ya que hay Rc8 para el negro.}
12. a4 $1 {El comienzo de un plan genial.} 12... Kb8 13. Ndb5 $18 Rc8 (13... a6
14. Ba7+ Kc8 15. Nd5 Qxd2 16. Nb6#) 14. Bxa7+ Ka8 15. Nd5 $1 Qxa7+ (15... Qxd2
16. Nb6#) 16. Nxa7 {Un bonito remate.} 1-0

[Event "Rapid Match"]
[Site "Miskolc HUN"]
[Date "2007.04.28"]
[Round "6"]
[White "Leko, P."]
[Black "Kramnik, V."]
[Result "1-0"]
[WhiteElo "2738"]
[BlackElo "2772"]
[Annotator "de Dovitiis"]
[PlyCount "97"]
[EventDate "2007.04.25"]

1. e4 e5 2. Nf3 Nc6 3. Bb5 a6 4. Ba4 Nf6 5. O-O Be7 6. d3 b5 7. Bb3 d6 8. a4 $5
{Al estilo anti Marshall, aunque aqui no era necesaria.} 8... Bd7 9. Nc3 Na5
10. Ba2 b4 11. Ne2 c5 12. Ng3 O-O 13. Nh4 g6 $146 (13... Nxe4 14. dxe4 Bxh4 15.
Qxd6 $14 {Guseinov,G-Thipsay,P/Moscow 2004}) 14. Bh6 $1 Re8 15. Bd2 Bg4 (15...
b3 16. Bxa5 Qxa5 17. Bxb3) 16. f3 Be6 17. Bxe6 fxe6 18. f4 $1 exf4 (18... Nxe4
19. Nxe4 Bxh4 20. fxe5 dxe5 21. Qg4 $40) 19. Bxf4 Nc6 20. Nf3 Nd7 21. c3 $16
bxc3 22. bxc3 Nde5 23. Bxe5 dxe5 24. Qc2 Ra7 25. Rfd1 Bf8 26. Nf1 $1 {
Rumbo a c4.} 26... Bh6 27. N1d2 Bxd2 28. Rxd2 Rd7 29. Rb1 Kg7 30. h3 Qc7 31.
Rf1 {Ahora el objetivo es el debiltado enroque negro, aparte de los peones
debilitados.} 31... Nd8 32. Rdf2 Qd6 33. Qc1 Nf7 (33... Qxd3 34. Nxe5) 34. Nh2
h5 35. Qe3 Ree7 36. Rf3 c4 37. dxc4 Qd2 38. Qb6 $1 Ng5 39. Re3 Rf7 40. h4 $18 {
Las negras ya no pueden sostener su posicion.} 40... Rb7 41. Qc5 Rb2 42. Qxe5+
Kh7 43. Qxg5 Rxf1+ 44. Nxf1 Qf2+ 45. Kh2 Qxf1 46. Rg3 Qf7 47. c5 $1 Re2 48. Qe5
Qb7 $2 49. Rxg6 $1 (49. Rxg6 Kxg6 50. Qg5+ Kf7 51. Qxh5+) 1-0

[Event "Chess Classic GM"]
[Site "Gausdal NOR"]
[Date "2007.04.24"]
[Round "7"]
[White "Carlsen, M."]
[Black "Portisch, L."]
[Result "1-0"]
[WhiteElo "2693"]
[BlackElo "2512"]
[Annotator "de Dovitiis"]
[PlyCount "59"]
[EventDate "2007.04.18"]

1. d4 d5 2. c4 e6 3. Nf3 Nf6 4. g3 dxc4 {
La tendencia actual, comer el peon para defenderlo, arriesgada pero posible.}
5. Bg2 Nbd7 6. O-O Rb8 7. Qc2 b5 8. b3 (8. a4 a6 9. axb5 axb5 10. Ne5 Nxe5 11.
dxe5 Nd5 12. Rd1 Bd7 13. Nc3 c6 14. Ne4 Qc7 15. Nd6+ Bxd6 16. exd6 Qxd6 17. Bf4
e5 18. e4 exf4 19. exd5 c5 20. Re1+ Kf8 21. Ra7 fxg3 22. fxg3 h5 23. Qf2 h4 24.
gxh4 Rh6 25. Bh3 Rg6+ 26. Bg2 Qxd5 27. Kh1 Bc6 28. Rxf7+ Qxf7 29. Qxc5+ Kg8 30.
Bxc6 Rc8 {0-1 Nielsen,P-Babula,V/Germany 2002}) 8... cxb3 9. axb3 a6 10. Ne5 $1
$146 (10. Bg5 Be7 11. Rc1 Bb7 12. Qxc7 Qxc7 13. Rxc7 Nd5 14. Rc1 h6 15. Bxe7
Kxe7 16. Nbd2 Rhc8 17. Ne4 Nb4 18. Nc5 Nxc5 19. dxc5 Rc7 20. Ne5 Bxg2 21. Kxg2
Rbc8 22. Rd1 Rxc5 23. f4 R8c7 24. Nd3 Nxd3 25. Rxd3 Rc3 26. Rxc3 Rxc3 27. Rxa6
f5 28. Ra7+ Kf6 29. b4 Rc4 30. Rb7 Rxb4 31. h3 g5 32. Kf3 h5 33. h4 Rb3+ 34.
Kf2 gxf4 35. gxf4 b4 36. Rh7 Rb1 37. Rxh5 Kg7 38. Rg5+ Kh7 39. Rh5+ Kg6 40.
Rg5+ Kh6 41. h5 b3 42. Rg6+ Kxh5 43. Rxe6 Kg4 44. Ke3 Rh1 45. Rg6+ Kh5 46. Rb6
Kg4 {1/2-1/2 Adrian,C-Lukov,V/St Lorrain 1999/}) 10... Nxe5 11. dxe5 Nd5 12.
Rd1 Qe7 13. Nc3 $1 {Termina con el caballo centralizado negro.} 13... Qc5 {
Molesta pero...} 14. Rxd5 $1 exd5 15. b4 $1 {Magnus en su salsa, energico.}
15... Qxb4 16. Ba3 Qg4 17. Bxf8 Kxf8 18. Nxd5 $40 Qc4 19. Qd2 Be6 20. Rc1 Qb3
21. Nxc7 {El negro no tiene respiro.} 21... Kg8 22. Qd6 Rc8 {No hay otra.} 23.
Bb7 h6 24. Bxc8 {Carlsen transforma la ventaja dinamica en material.} 24...
Bxc8 25. Nxb5 $1 axb5 26. Rxc8+ Kh7 27. Rc1 Re8 28. Kg2 {Sin apuro.} 28... Kg8
29. Rc5 Qa2 $2 (29... b4) 30. Qc6 (30. Qc6 {/\ Qxe8 y Qxb5.}) 1-0

[Event "8th It"]
[Site "Montreal CAN"]
[Date "2007.07.27"]
[Round "8"]
[White "Miton, K."]
[Black "Ivanchuk, V."]
[Result "0-1"]
[WhiteElo "2648"]
[BlackElo "2762"]
[Annotator "de Dovitiis"]
[PlyCount "80"]
[EventDate "2007.07.19"]
[Source "Mark Crowther"]
[SourceDate "2007.07.30"]

1. d4 Nf6 2. c4 e6 3. Nf3 b6 4. a3 {
La variante Petrosian, popularizada por Kasparov en los 80.} 4... Ba6 5. e3 (5.
Qc2 Bb7 6. Nc3 c5 {es la linea principal.}) 5... Be7 6. Bd3 d5 7. cxd5 Bxd3 8.
Qxd3 exd5 9. O-O O-O 10. Nbd2 $146 ({RR} 10. b4 Re8 11. Bb2 Bd6 12. Ne5 c5 13.
bxc5 bxc5 14. Nc3 cxd4 15. exd4 Nbd7 16. f4 Rc8 17. h3 Qb6 18. Rf2 Qa5 19. Ne2
Nb6 20. Ng3 Nc4 21. Nf5 Ne4 22. Rc2 Bf8 23. Nd7 Qa6 24. Nxf8 Rxf8 25. Ne7+ Kh8
26. Nxc8 Qxc8 27. Bc3 Qf5 28. Bb4 Re8 29. Rf1 h6 30. Re2 Re6 31. Rf3 Qf6 32.
Kh2 Qd8 33. Kg1 Qe8 34. Rc2 Nf6 35. Qf5 a5 36. Bd2 Re4 37. Kh2 Nd6 38. Qe5 Rxe5
39. fxe5 Nfe4 40. exd6 Nxd6 41. Bxa5 Qa4 42. Bb4 Qxc2 43. Bxd6 f6 44. Bc5 Kg8
45. Re3 g5 46. Rf3 Kg7 47. Be7 Qc7+ {
0-1 Cativelli,G-Devcic,M/Buenos Aires 1981/EXT 2002 (47)}) 10... Nbd7 11. b3
Bd6 12. Bb2 Qe7 13. Rfc1 Rfe8 14. Rc2 Ne4 $15 {
Las negras ya tienen la iniciativa en sus manos.} 15. Rac1 Qe6 16. Rc6 Nb8 17.
R6c2 Nd7 18. Rc6 Qf5 {Chucky va por mas que las tablas.} 19. Qf1 Rad8 20. Nxe4
dxe4 21. Nd2 Re6 $1 22. a4 Nf6 23. Nb1 Nd5 24. Ba3 (24. h3) 24... Ne7 25. R6c3
Bxh2+ $1 {
Genial, imprevisible como el genio del conductor de las piezas negras.} 26.
Kxh2 Qh5+ 27. Kg1 Rh6 28. f3 Nf5 29. Nd2 Qh2+ 30. Kf2 Qh4+ 31. Kg1 (31. Ke2
Ng3+) 31... Ng3 32. Qd1 exf3 33. Qxf3 (33. gxf3 Qh2#) (33. Nxf3 Qh1+ 34. Kf2
Qxd1 35. Rxd1 Ne4+) 33... Qh2+ 34. Kf2 Rf6 $19 35. Qxf6 gxf6 36. e4 Nh1+ 37.
Rxh1 Qxh1 38. Be7 Qh6 $1 {La intermedia fatal.} 39. Rg3+ Kh8 40. Nf3 Re8 {
Un ejemplo explosivo, propio del talento del gran jugador ucranio.} 0-1

[Event "Quebec Open"]
[Site "Montreal CAN"]
[Date "2007.07.26"]
[Round "7"]
[White "Kovalyov, A."]
[Black "Rozentalis, E."]
[Result "1/2-1/2"]
[WhiteElo "2510"]
[BlackElo "2551"]
[Annotator "de Dovitiis"]
[PlyCount "82"]
[EventDate "2007.07.20"]
[Source "Mark Crowther"]
[SourceDate "2007.07.30"]

1. c4 b6 2. d4 e6 3. a3 {Una respuesta logica ante el orden usado por el negro.
} ({RR} 3. d5 Qh4 4. Nc3 Bb4 5. Bd2 Nf6 6. e3 Bxc3 7. Bxc3 Ne4 8. Qc2 Nxc3 9.
Qxc3 O-O 10. g3 Qe4 11. f3 Qg6 12. Ne2 Bb7 13. O-O-O d6 14. g4 Nd7 15. h4 Qf6
16. Qxf6 Nxf6 17. e4 Nd7 {Karpov,A-Miles,A/Bugojno 1978/MCL/[Bulletin]/1-0 (56)
}) ({RR} 3. Nc3 Bb7 4. Nf3 Nf6 5. e3 Be7 6. Bd3 d5 7. O-O O-O 8. b3 Nbd7 9. Bb2
c5 10. Qe2 Ne4 11. Rfd1 cxd4 12. exd4 Nxc3 13. Bxc3 Rc8 14. Rac1 Bd6 15. Bd2
Nf6 16. Bg5 h6 17. Bh4 Be7 18. Ne5 Ne4 19. Bxe7 Qxe7 20. Qe3 Rfd8 21. Bb1 Nf6
22. c5 bxc5 23. dxc5 Bc6 24. b4 Qb7 25. Rd4 a5 26. a3 axb4 27. axb4 Ra8 28. Bd3
Bb5 29. h3 Rdc8 30. Rb1 Ra4 31. Rf4 Qe7 32. Bc2 Ra2 33. Bd3 Bxd3 34. Qxd3 Qc7
35. Qe3 Rca8 36. b5 Ra1 37. Rfb4 Nd7 38. Nd3 R8a3 39. b6 Qb8 {
1-0 Alterman,V-Kraidman,Y/Israel 1986/CBM 001 (39)}) 3... Nf6 4. d5 c6 $146 ({
RR} 4... Ba6 5. e3 exd5 6. cxd5 Bxf1 7. Kxf1 Bd6 8. Nc3 O-O 9. Nge2 Re8 10. f3
c6 11. e4 cxd5 12. Nxd5 Nc6 13. Bg5 Nxd5 14. Qxd5 Be7 15. Bxe7 Nxe7 16. Qd6 Rc8
17. Rd1 Rc2 18. Qxd7 Qxd7 19. Rxd7 f5 20. Kf2 fxe4 21. fxe4 Nc6 22. Rc1 {
1/2-1/2 Hofland,L-Ree,H/Leeuwarden 1978/EXT 98 (22)}) 5. Nc3 cxd5 6. cxd5 exd5
7. g3 Na6 8. Bg2 Nc7 9. Nh3 Bb7 10. Nf4 {
Las blancas recuperaran el peon con leve ventaja.} 10... Be7 11. O-O O-O 12.
Be3 Re8 13. Bd4 Bd6 {Obliga al blanco a tomar una decision.} 14. Bxf6 Qxf6 15.
Nfxd5 Nxd5 16. Bxd5 Bc6 17. Rc1 Be5 18. Qd3 h5 19. Rc2 Bxc3 $1 {
Las negras se van acercando a la igualdad pero el joven Kovalyov no se marea.}
20. Rxc3 Re5 21. Bxc6 dxc6 22. Qa6 c5 23. e3 h4 24. Qe2 $1 {Un reagrupamiento
necesario, tipico de la solidez del conductor de las piezas blancas.} 24...
Rae8 25. Rd1 g6 26. Rcd3 Kg7 27. Rd6 Qf5 28. g4 Qe4 29. h3 R8e6 $15 30. Rxe6
Rxe6 31. Qd3 Qf3 32. Qf1 b5 33. Rd2 c4 34. Qg2 $1 {
Las blancas juegan con su habitual sensatez.} 34... Qf6 35. Rd4 Rd6 36. Qe4 a5
37. Kg2 Rxd4 38. exd4 b4 39. axb4 axb4 40. d5 c3 41. bxc3 bxc3 {Una correcta
partida donde el joven de Ucrania fue sereno para mantener una buena partida
frente a un fuerte gran maestro.} 1/2-1/2

[Event "?"]
[Site "?"]
[Date "2007.08.02"]
[Round "?"]
[White "GM_Carlsen"]
[Black "GM_Radjabov"]
[Result "1-0"]
[WhiteElo "2710"]
[BlackElo "2746"]
[Annotator "de Dovitiis"]
[PlyCount "55"]
[EventDate "2007.??.??"]

1. e4 d6 2. d4 Nf6 3. Nc3 e5 4. Nge2 {Una jugada ambiciosa.} ({RR} 4. dxe5 dxe5
5. Qxd8+ Kxd8 6. Nf3 Bd6 7. Bg5 c6 8. O-O-O Ke7 9. Bc4 Bc7 10. Rd3 h6 11. Bxf6+
Kxf6 12. Nh4 Ke7 13. Rg3 g5 14. Rf3 Rf8 15. Nf5+ Bxf5 16. Rxf5 Nd7 17. Ne2 Nf6
18. Ng3 Ne8 {Ljubojevic,L-Ree,H/Teeside 1972/MCD/1-0 (40)}) ({RR} 4. d5 g6 5.
f3 Bg7 6. Be3 a5 7. Qd2 b6 8. O-O-O Na6 9. g4 Nc5 10. h4 h5 11. g5 Nfd7 12. f4
exf4 13. Bd4 Ne5 14. Qxf4 O-O 15. Nge2 Bg4 16. Bh3 Bxh3 17. Rxh3 b5 18. Bxe5
Bxe5 {Tepper,D-Luige,W/Eberbach 1980/EXT 2003/0-1 (40)}) 4... Nbd7 5. g3 c6
$146 ({RR} 5... Be7 6. Bg2 c6 7. O-O O-O 8. b3 Qc7 9. Bb2 Re8 10. Qd2 Bf8 11.
h3 b6 12. f4 Bb7 13. Rae1 Rad8 14. g4 Ba6 15. Rf2 Bxe2 16. Nxe2 d5 17. exd5 e4
18. Ng3 e3 19. Rxe3 Rxe3 20. Qxe3 {
Goldenberg,E-Bazan,O/Buenos Aires 1962/MCD/0-1 (32)}) 6. Bg2 b5 7. a3 Be7 8.
O-O O-O 9. h3 a5 10. g4 {Los dos bandos despliegan sus ataques.} 10... Ba6 11.
Ng3 b4 12. Nce2 bxa3 13. Rxa3 d5 14. Re3 $5 {
Ambiciosa, al mejor estilo de Magnus.} 14... dxe4 (14... exd4 15. Nxd4 Bxf1 16.
Nxc6 Qe8 17. exd5 $40) 15. Re1 Qc7 16. Nf5 Bd8 $2 (16... Rfe8) 17. g5 Nd5 18.
Rxe4 f6 19. Neg3 g6 $6 {
Una suerte de poner en aprietos al blanco, pero claro, Carlsen no se amilana.}
20. Nh6+ Kg7 21. dxe5 $1 fxg5 22. e6 Kxh6 (22... N7f6 23. e7 Bxe7 24. Rxe7+
Nxe7 25. Rxe7+ Qxe7 26. Nhf5+) 23. e7 Qb6 (23... Bxe7 24. Rxe7 Nxe7 25. Rxe7
Rad8 26. Qd4) 24. exf8=Q+ Nxf8 25. c4 Nf4 26. Qd6 Kg7 27. Bxf4 gxf4 28. Re7+ {
Excelente partida del vencedor del torneo.} (28. Re7+ Bxe7 29. Rxe7+ Kh6 (29...
Kg8 30. Qf6) 30. Qxf4+ g5 31. Qf6+ Ng6 32. Qg7#) 1-0

[Event "Panamericano U-20 Masculino"]
[Site "Riobamba 2007"]
[Date "2007.08.21"]
[Round "6.1"]
[White "Hungaski, Robert Andrew"]
[Black "Lemos, Damian"]
[Result "1-0"]
[WhiteElo "2399"]
[BlackElo "2456"]
[Annotator "de Dovitiis"]
[PlyCount "127"]
[EventDate "2007.08.18"]

1. d4 Nf6 2. c4 g6 3. Nc3 Bg7 4. e4 d6 5. Nf3 O-O 6. Be2 e5 7. Be3 Ng4 8. Bg5
f6 9. Bh4 g5 10. Bg3 Nh6 11. d5 ({RR} 11. h3 Nc6 12. d5 Nd4 13. Nxd4 exd4 14.
Qxd4 f5 15. Qd2 f4 16. Bh2 Nf7 17. h4 h6 18. hxg5 hxg5 19. g3 f3 20. Bxf3 Ne5
21. Be2 g4 22. Bg1 c5 23. dxc6 bxc6 24. O-O-O Be6 25. Qxd6 Qg5+ {
Speelman,J-Kasparov,G/Madrid 1988/EXT 97/0-1 (39)}) ({RR} 11. dxe5 fxe5 12. h4
g4 13. Nh2 Be6 14. Nd5 Nc6 15. Nxg4 Nd4 16. Nge3 c6 17. Nc3 Qb6 18. Rb1 a5 19.
O-O Bf6 20. Bd3 Qd8 21. Qh5 Kg7 22. Nf5+ Bxf5 23. exf5 Be7 24. c5 Ndxf5 25.
cxd6 Qxd6 26. Bxf5 Nxf5 27. Qg4+ Kh8 28. Rbd1 Qc7 29. Ne4 Rad8 30. Rxd8 Bxd8
31. Rd1 Qg7 32. Qxg7+ Kxg7 33. Bxe5+ Kg6 34. g3 Re8 35. f4 Bb6+ 36. Kh1 h5 37.
Rd7 Bd4 38. Nd6 Nxg3+ 39. Kg2 Rxe5 40. fxe5 Bxe5 41. Nc4 Bf4 42. Kf3 {
1-0 Matveeva,S-Arakhamia Grant,K/Belgrade 1992/TD (42)}) 11... f5 $146 ({RR} 
11... Nd7 12. Nd2 a5 ({RR} 12... f5 13. exf5 Nf6 14. Nde4 Nxe4 15. Nxe4 Bxf5
16. Bd3 g4 17. Qe2 Qe8 18. O-O-O Qg6 19. Kb1 b6 20. Rdg1 Kh8 21. Bc2 Ng8 22.
Bh4 Bf6 23. Bg3 Bg7 24. f3 Nf6 25. Bh4 Nxe4 26. fxe4 Bd7 27. Rf1 Bf6 {
1/2-1/2 Hort,V-Vukic,M/Banja Luka 1976/MCL (27)}) 13. h4 g4 14. Bxg4 Nxg4 15.
Qxg4 Nc5 16. Qe2 f5 17. f3 Bh6 18. Bf2 b6 19. exf5 Bxf5 20. Bxc5 bxc5 21. Nde4
Kh8 22. g4 Bxe4 23. Nxe4 Bf4 24. Kd1 Qe7 25. Kc2 Rfb8 26. a4 {
Gheorghiu,F-Southam,D/Biel 1990/EXT 2000/1/2-1/2 (79)}) ({RR} 11... a5 12. Nd2
Na6 13. h3 Nc5 14. Nb3 Nxb3 15. Qxb3 f5 16. O-O-O a4 17. Qc2 fxe4 18. Nxe4 Nf5
19. Qd2 Nd4 20. Bd3 h6 21. f3 a3 22. b3 c6 23. Kb1 cxd5 24. cxd5 Bf5 25. Qb4
Bxe4 26. Bxe4 Qd7 27. Be1 Rfc8 28. Bd2 Rc5 29. Rc1 Rb5 30. Qc4 Rb6 31. Qd3 Kf8
32. Rc4 Rc8 33. Rxd4 exd4 34. Bf5 Qd8 35. Bxc8 Qxc8 36. Rc1 Qd7 37. Ba5 Rb5 38.
Rc7 Qe8 39. Qf5+ Kg8 40. Rc8 {
1-0 Hartung Nielsen,J-Nerlov,C/Copenhagen 1988/TD (40)}) 12. exf5 g4 13. Nd2
Bxf5 14. Nde4 {Las blancas se sientan en e4.} 14... Nd7 15. O-O Qe8 16. Bd3 Qg6
17. Qc2 Kh8 18. Rad1 a6 19. b4 Nf6 20. Nxf6 Qxf6 21. Ne4 Bxe4 22. Bxe4 Nf5 23.
Qd3 h5 24. f3 Nxg3 25. hxg3 Qg5 26. Kf2 $5 Rf6 27. Qe3 $1 {Una brillante
decision si se tiene en cuenta que el blanco tiene un punto menos que su rival
en esta partida decisiva.} 27... Qxe3+ 28. Kxe3 Bh6+ 29. Kf2 Kg7 30. Rh1 Rh8
31. Ke2 (31. Rxh5 Be3+) 31... Bg5 32. fxg4 hxg4 33. Rxh8 Kxh8 34. a4 Kg7 35. a5
Rf8 36. Rh1 Bh6 37. Rb1 b6 38. c5 {
Buscando peones libres, el mejor metodo para intentar ganar.} 38... dxc5 39.
bxc5 b5 (39... bxc5 40. Rb7) 40. Rh1 Rf7 41. c6 Rf6 42. Rf1 $3 {Increible, el
blanco pone todas sus fichas al final de alfiles de distinto color.} 42... Rxf1
43. Kxf1 Bg5 44. d6 Bd8 $8 45. d7 Kf6 46. Bd3 Ke6 47. Bxb5 Kd5 (47... axb5 48.
a6 Kd6 49. a7) 48. Bxa6 Kxc6 49. Be2 Kxd7 50. Bxg4+ Kc6 51. a6 Kb6 52. Be2 Bg5
53. Kf2 e4 54. g4 Bf4 {Las negras parecen haber encontrado una fortaleza pero
el conductor de las blancas tiene un as en la manga.} 55. g5 $1 Bxg5 56. Kg3 {
El rey pasa.} 56... Be3 57. Kg4 Kc6 58. Kf5 Kd6 59. Kxe4 Bb6 60. Kf5 Ke7 61.
Bc4 {Este alfil hace todo.} 61... Kf8 62. Kg6 Bc5 63. g4 Bd4 64. Kh7 {
No se puede evitar el avance del peon g y el a.} 1-0